000 00945nam a2200289 a 4500
001 000002301
003 DO-SdBNP
005 20221213082530.0
008 090701s1985 dr r 000 0 spa d
040 _aDO-SdBNP
_bspa
_cBPMSU
082 _a028.9
_bH519i 1985
_222
100 1 _aHenríquez Ureña, Camila,
_d1894-1973
245 1 0 _aInvitación a la lectura :
_bnotas sobre apreciación literaria /
_cCamila Henríquez Ureña.
250 _a3a. ed.
260 _aSanto Domingo :
_bTaller,
_c1985.
300 _a211 p. ;
_c19 cm.
490 0 _aBiblioteca Taller,
_v189
500 _aIncluye datos biográficos de la autora en la contracubierta
500 _aIncluye cronología de Camila Henríquez Ureña.
590 _aInventariado, 2022/VM
650 4 _aPromoción de la lectura
650 4 _aLibros y lectura
650 4 _aComprensión de lectura
650 4 _aCrítica literaria
910 _aVMateo V./Validado
942 _cBK
_2ddc
999 _c14356
_d14356